LEVÉLTÁRI SZEMLE.

Bibliographic Details
Main Author: Csáder, Viliam, 1948- (Author)
Format: Article
Language:Slovak

MARC

LEADER 00000nab a2200000uu 4500
001 vtls010877643
003 SK-MaSNL
005 20260303145143.0
008 230222|2007 xo |||||||||||||||||slo|
015 |a SNBRB 
035 |a (urnnbn)urn:nbn:sk:snk:ar-005tao 
035 |a (uuid)eb51d6b4-eb8d-42ae-aeab-3119c97155a5 
035 |a urn:nbn:sk:snk-ab7m0i 
040 |a SNKBUCL  |b slo  |c SNKBUCL  |e AACR2 
041 0 |a slo 
044 |a xo  |c SK 
100 1 |a Csáder, Viliam,  |d 1948-  |4 aut  |9 195264 
245 1 0 |a LEVÉLTÁRI SZEMLE.  |c Viliam Csáder 
773 0 |t Slovenská archivistika  |g Roč. 42, č. 2 (2007), s. 161-168 
954 |a odborná, vedecká literatúra pôvodná (slovenská)  |2 lita 
958 |a OND 
958 |a EUIPO 
958 |a article8 
999 |c 2000929  |d 2002859